000 00983nam a22001937a 4500
003 BR-ViAPE
005 20260417122128.0
008 260417s1927 por gs||||s000 0 por d
040 _cBR-ViAPE
110 _aEspírito Santo
_bEstado
245 _aRegimento Policial Militar do Estado do Espírito Santo - Relatório apresentado ao Exmo. Snr. Dr. Mirabeau Pimentel D. D. Secretario do Interior pelo Tenente-Coronel Octavio Alves Araujo Comandante do Regimento Policial Militar
260 _aVitória
_bTyp. da Escola Graphica
_c1927
300 _a56 p.
_bDocumento digitalizado (PDF)
500 _aDocumento digitalizado do acervo institucional do Arquivo Público do Estado do Espírito Santo - APEES.
650 _xAdministração pública
_zEspírito Santo
651 _aEspírito Santo
_xRelatórios governamentais
856 _uhttps://ape.es.gov.br/Media/ape/PDF/Relatorios/1919/relatorio%206%20-%20ano%201927.pdf
_yCLIQUE AQUI PARA ACESSAR O DOCUMENTO
942 _2ddc
_cMSGREL
_n1
999 _c498
_d498